| 000 | 00436nam a22001457a 4500 | ||
|---|---|---|---|
| 999 |
_c130008 _d130008 |
||
| 008 | 191113b ||||| |||| 00| 0 eng d | ||
| 020 | _a0 436 20537 8 | ||
| 050 | _aPR9369.3.B7 B44 | ||
| 100 |
_aBrink, Andre _910794 |
||
| 245 |
_aBefore I forget _c/ by Andre Brink |
||
| 260 |
_aLondon: _bSecker and Warburg, _c2004 |
||
| 300 |
_a311p. ; _c24cm. |
||
| 650 |
_aAutobigraphical memory _zSouth Africa _948620 |
||
| 942 |
_2lcc _cMONOGRAPH |
||